Normal view
MARC view
- Jokinen, Tapani
Entry Personal Name
001 - CONTROL NUMBER
- control field: 28006
003 - CONTROL NUMBER IDENTIFIER
- control field: IN-BhIIT
005 - DATE AND TIME OF LATEST TRANSACTION
- control field: 20260617124914.0
008 - FIXED-LENGTH DATA ELEMENTS
- fixed length control field: 260617|| aca||aabn | a|a d
040 ## - CATALOGING SOURCE
- Original cataloging agency: IN-BhIIT
- Transcribing agency: IN-BhIIT
100 ## - HEADING--PERSONAL NAME
- Personal name: Jokinen, Tapani
670 ## - SOURCE DATA FOUND
- Source citation: Work cat.: (IN-BhIIT)15556: Pyrhonen, Juha. Author 15067, Design of rotating electrical machines /, 2014.